000 01091nam a2200373 a 4500
003 AR-BaBNM
005 20251128203507.0
008 082120s2002 ||||||||||||||000 | spa||
020 _a84-306-9791-8
040 _cAR-BaBNM
245 0 0 _aHistoria de la vida privada
_bla alta Edad Media. 2
250 _a1ª ed.
260 _aMadrid
_bTaurus
_c1992
300 _a234 p.
_bil.
500 _aContiene referencias bibliográficas en p. 229
500 _aIndice onomástico en p. 232
500 _aIndice temático en p. 235
650 4 _aSOCIOLOGIA CULTURAL
650 4 _aEDAD MEDIA
650 4 _aRELIGION
650 4 _aANTROPOLOGIA CULTURAL Y SOCIAL
650 4 _aVIDA SOCIAL
650 4 _aVIDA COTIDIANA
650 4 _aCOSTUMBRES Y TRADICIONES
650 4 _aFEUDALISMO
700 1 _aAriès, Philippe
_edirector
700 1 _aDuby, Georges
_edirector
700 1 _aVeyne, Paul
_edirector
700 1 _aPatlagean, Evelyne
_ecolaborador
700 1 _aRouche, Michel
_ecolaborador
700 1 _aPérez Gutiérrez, Francisco
_etraductor
942 _cBK
998 _cMARTIN
999 _c3646
_d3646